000 00878cam a2200253 4500
008 090401t1996 xxu||||| |||| 00| 0 eng d
020 _a1854314998
035 _a(Sirsi) u48844
041 _aeng
050 _a346.41013
100 _aGooding, Caroline
245 _aBlackstone`s guide to the Disability Discrimination Act 1995.
260 _aLondon
_bBlackstone Press
_c1996
300 _a138p. ; 22cm.
350 _a14.95
520 _aAnalysis of the Act looking into its background, its impact on employment and issues of enforcement. Includes a reproduction of the act.
650 _aDISABILITY DISCRIMINATION ACT 1995
650 _aMANAGEMENT-BUSINESS MANAGEMENT-DISCRIMINATION-DISABILITY DISCRIMINATION-ACCESSIBILITY
650 _aDISABLED PEOPLE
650 _aEQUAL OPPORTUNITIES
690 _aECONOMIC AND SOCIAL
942 _n0
948 _c04/03/1997
999 _c92419
_d92419